00494nam a2200181Ia 4500003000400000005001700004008004000021020001800061040000700079041001200086082001800098100002100116245004900137250000600186260004800192300001200240650006000252OSt20230315091714.0210210b2004 xxu||||| |||| 00| 0 eng d a81 7319 271 5 cAL aEnglish a001.6425 JALI aJALOTE (Pankaj). aIntegrated approach to software engineering. a2 aNew Delhi.bNarosa Publishing House.,c2004 axiv,497 aSoftware Engineering, Software Process Software Project